000 00510nam a22001337a 4500
008 131220b xxu||||| |||| 00| 0 eng d
050 _aD756.5.B7
100 _aGreat Britain. War Office
_96246
245 _aThe Battle of Britain
_bAn Air Ministry account of the great days from 8th August - 31 October 1940
_cGreat Britain. War Office
260 _aLondon
_bHis Majesty's Stationery Office
_c1941
300 _a35p.;
_c24cm
650 _aBattle of Great Britain 1940
_zBritain.
_96247
942 _2lcc
_cMONOGRAPH
999 _c119433
_d119433